000 004000000a22001690004500
001 003006
003 MACL
040 _aMACL
090 _c14999
_d14998
100 _aTaori, Kamal
245 _aSustainable Human Development
_bIssues And Challenges
_cKamal Taori
260 _aConcept Publishing Company,
_c2000
350 _a500
650 _aHuman Kind
942 _k128
_cBook
951 _o128 Book
999 _c14912
_d14912